000 00967cam a2200241 4500
001 L129418
008 050414n2003 000 0 eng u
020 _a1860816428
035 _a(Sirsi) u129418
041 _aeng
050 _a333.72
_c18
100 _aYates, Alan
245 _aSustainable buildings
_bbenefits for investors and developers
260 _aWatford
_bBRE
_c2003
300 _a12p.
_c30cm.
350 _a12
490 _aBRE Information Paper
_vIP13/03 Part 3
520 _aThis Information paper results from a study of the business benefits of sustainable practices in the construction and property sectors. It is the third of a set of four that explore this theme. The other three focus on occupiers, the design team, and consructors.
690 _aPROPERTY-PROPERTY DEVELOPMENT-SUSTAINABLE PROPERTY DEVELOPMENT
710 _aBuilding Research Establishment
710 _aUnited Kingdom
_bDepartment of Trade and Industry
942 _n0
999 _c104184
_d104184